| 000 | 00811nam a2200229Ia 4500 | ||
|---|---|---|---|
| 008 | 191130s1990##################000#0#eng## | ||
| 020 | _a9780415269254 | ||
| 040 |
_aACL _cACL |
||
| 082 | _a339.5 PER | ||
| 100 | _aPersson, Torsten | ||
| 245 |
_aMacroeconomic policy, Credibility and politics _cTorsten Persson and Guido Tabellini |
||
| 260 |
_aChur, Switzerland _bHarwood Academic Publishers _cc1990 |
||
| 300 | _ax, 187 p. : ill. ; 22 cm | ||
| 500 | _aIncludes bibliographical references (p. 179-184) and index | ||
| 650 | _aMacroeconomics -- Mathematical models | ||
| 650 | _aMonetary policy -- Mathematical models | ||
| 650 | _aPolitique monétaire -- Modèles mathématiques | ||
| 700 | _aTabellini, Guido | ||
| 990 | _af25a9261ac10000c6a703d298c50f096 | ||
| 991 | _a253078 | ||
| 999 |
_c273901 _d273901 |
||